Ethics incorporated top priority and bottom line / (Record no. 134906)
[ view plain ]
| 000 -LEADER | |
|---|---|
| fixed length control field | 00775nam a22002537a 4500 |
| 003 - CONTROL NUMBER IDENTIFIER | |
| control field | 0 |
| 005 - DATE AND TIME OF LATEST TRANSACTION | |
| control field | 20180806131259.0 |
| 008 - FIXED-LENGTH DATA ELEMENTS--GENERAL INFORMATION | |
| fixed length control field | 0 |
| 010 ## - LIBRARY OF CONGRESS CONTROL NUMBER | |
| LC control number | B-163337 |
| 020 ## - INTERNATIONAL STANDARD BOOK NUMBER | |
| Terms of availability | 395.00 |
| International Standard Book Number | 979817223565800395 |
| 035 ## - SYSTEM CONTROL NUMBER | |
| System control number | B-163337, B-163338 |
| 037 ## - SOURCE OF ACQUISITION | |
| Source of stock number/acquisition | Cen Lib/Ret |
| 040 ## - CATALOGING SOURCE | |
| Original cataloging agency | DPL |
| Language of cataloging | EN |
| Transcribing agency | 0 |
| 082 ## - DEWEY DECIMAL CLASSIFICATION NUMBER | |
| Classification number | 174.4 |
| Item number | GUP |
| 100 ## - MAIN ENTRY--PERSONAL NAME | |
| Personal name | Gupta, Dipankar |
| 9 (RLIN) | 17823 |
| 245 ## - TITLE STATEMENT | |
| Title | Ethics incorporated top priority and bottom line / |
| Statement of responsibility, etc | by Dipnakar Gupta |
| 260 ## - PUBLICATION, DISTRIBUTION, ETC. (IMPRINT) | |
| Place of publication, distribution, etc | New Delhi |
| Name of publisher, distributor, etc | Harper Coolins Publishers |
| Date of publication, distribution, etc | 2004 |
| 270 ## - ADDRESS | |
| City | New Delhi |
| Address | 1A Hamilton House Connaught Place |
| Postal code | 110001 |
| 300 ## - PHYSICAL DESCRIPTION | |
| Extent | 220p. |
| Dimensions | 23cm(Hb) |
| 500 ## - GENERAL NOTE | |
| General note | Includes bibliographical references and index |
| 650 ## - SUBJECT ADDED ENTRY--TOPICAL TERM | |
| Topical term or geographic name as entry element | Psychology |
| 9 (RLIN) | 104356 |
| 650 ## - SUBJECT ADDED ENTRY--TOPICAL TERM | |
| Topical term or geographic name as entry element | Ethics |
| General subdivision | |
| 9 (RLIN) | 42124 |
| 942 ## - ADDED ENTRY ELEMENTS (KOHA) | |
| Source of classification or shelving scheme | Dewey Decimal Classification |
| Koha item type | English Books |
| Classification part | 174.4 |
| Call number suffix | GUP |
| Withdrawn status | Lost status | Damaged status | Not for loan | Home library | Current library | Date acquired | Source of acquisition | Cost, normal purchase price | Total Checkouts | Full call number | Barcode | Date last seen | Date checked out | Copy number | Cost, replacement price | Price effective from | Koha item type | Source of classification or shelving scheme | Collection code |
|---|---|---|---|---|---|---|---|---|---|---|---|---|---|---|---|---|---|---|---|
| Central Library | Central Library | 31/07/2015 | Cen Lib/Ret | 395.00 | 1 | 174.4 GUP | B-163337 | 06/06/2018 | 03/06/2018 | 1 | 395.00 | 31/07/2015 | English Books | ||||||
| Patel Nagar | Patel Nagar | 06/08/2018 | BPPD/PUB | 395.00 | 174.4 GUP | B-163338 | 06/08/2018 | 395.00 | 06/08/2018 | English Books | Dewey Decimal Classification | Non-fiction |
